Contemporany Silver (Record no. 10972)

MARC details
000 -CABECERA
campo de control de longitud fija 01030nam a22002537a 4500
001 - NÚMERO DE CONTROL
campo de control BRCA_9350
003 - IDENTIFICADOR DEL NÚMERO DE CONTROL
campo de control FranzMayer
005 - FECHA Y HORA DE LA ÚLTIMA TRANSACCIÓN
campo de control 20230918121738.0
008 - DATOS DE LONGITUD FIJA--INFORMACIÓN GENERAL
campo de control de longitud fija 230828b |||||||| |||| 00| 0 eng d
020 ## - NÚMERO INTERNACIONAL ESTÁNDAR DEL LIBRO
Número Internacional Estándar del Libro 0853318999
040 ## - FUENTE DE LA CATALOGACIÓN
Centro catalogador/agencia de origen MFM
Lengua de catalogación español
Centro/agencia transcriptor MFM
050 #0 - SIGNATURA TOPOGRÁFICA DE LA BIBLIOTECA DEL CONGRESO
Número de clasificación NK7240.I8
Número de documento/Ítem C94 2004
100 1# - ENTRADA PRINCIPAL--NOMBRE DE PERSONA
Código de función/relación Autor
Nombre de persona Czernis-Ryl. Eva
9 (RLIN) 29274
240 ## - TÍTULO UNIFORME
Título uniforme Contemporany Silver
Medio Made in Italy
Lenguaje de la obra Inglés
245 0# - MENCIÓN DE TÍTULO
Título Contemporany Silver
Resto del título Made in Italy
260 ## - PUBLICACIÓN, DISTRIBUCIÓN, ETC.
Lugar de publicación, distribución, etc. Australia
Nombre del editor, distribuidor, etc. Powerhouse Publishing
Fecha de publicación, distribución, etc. 2004
300 ## - DESCRIPCIÓN FÍSICA
Extensión 127 p
Otras características físicas Ilustraciones a color
Dimensiones 29 cm
500 ## - NOTA GENERAL
Nota general Anexo 1
500 ## - NOTA GENERAL
Nota general El material se encuentra con pasta dura y una sobrecubierta que lo cubre.
505 ## - NOTA DE CONTENIDO CON FORMATO
Nota de contenido con formato Texto en: inglésIncluye índice temáticoIncluye bibliografíaDirigido a: artistas, artesanos o personas con interés en las artes decorativas con plata
650 1# - PUNTO DE ACCESO ADICIONAL DE MATERIA--TÉRMINO DE MATERIA
Fuente del encabezamiento o término Artes decorativas y aplicativas
Término de materia o nombre geográfico como elemento de entrada Otras artes industriañes
Subdivisión de forma Oro y plata
9 (RLIN) 29275
651 2# - PUNTO DE ACCESO ADICIONAL DE MATERIA--NOMBRE GEOGRÁFICO
Fuente del encabezamiento o término Trabajo con metales
Nombre geográfico Herramientas con plata
Subdivisión de forma Italia
9 (RLIN) 29276
942 ## - ELEMENTOS DE PUNTO DE ACCESO ADICIONAL (KOHA)
Fuente del sistema de clasificación o colocación Library of Congress Classification
Tipo de ítem Koha Libros
Holdings
Estado de retiro Estado de pérdida Fuente del sistema de clasificación o colocación Estado dañado No para préstamo Código de colección Localización permanente Ubicación/localización actual Fecha de adquisición Total de préstamos Signatura topográfica completa Código de barras Fecha visto por última vez Precio válido a partir de Tipo de ítem Koha
El ejemplar forma parte de la colección y puede ser consultado según las políticas vigentes.   Library of Congress Classification     Fondo Contemporáneo Biblioteca del Museo Franz Mayer (Rogerio Casas-Alatriste) Biblioteca del Museo Franz Mayer (Rogerio Casas-Alatriste) 28/08/2023   NK7240.I8 C94 2004 CONT10107 28/08/2023 28/08/2023 Libros